| 000 | 00927nam a2200289 a 4500 | ||
|---|---|---|---|
| 001 | 00002356 | ||
| 003 | DO-SdBNP | ||
| 005 | 20171212121253.0 | ||
| 007 | 00002356 | ||
| 008 | 090819s1998 000 spa d | ||
| 020 | _a8420743860 | ||
| 040 |
_aBPMSU _bspa _cBPMSU |
||
| 082 |
_a813.4 _bT969a |
||
| 100 |
_aTwain, Mark, _c1835-1910. |
||
| 240 |
_aThe adventures _hEspañol |
||
| 245 | 4 |
_aLas aventuras de Tom Sawyer / _b _cMark Twain ; traducción Doris Rolfe ; apéndice y notas María Isabel Villarino ; ilustración True W. Williams. |
|
| 250 | _a5a. ed. | ||
| 260 |
_aMadrid : _bPlan lector de educación, _c1998 |
||
| 300 |
_a316 p. ; _b21 cm. |
||
| 490 |
_aTus libros _v |
||
| 700 |
_4Chericián, David _apról. |
||
| 700 |
_4Rolfe, Doris _atr. |
||
| 830 |
_p _v118 _aTus libros |
||
| 942 |
_2ddc _cBK |
||
| 945 | _aInventariado extranjero 2017 / YL | ||
| 956 |
_aVMATEO _b10 _c20160720 _lBPMSU _h00069 |
||
| 999 |
_c10995 _d10995 |
||